Star Spangled Banner (Full Lyrics) - Statistics

General Stats
  • This quiz has been taken 1,893 times
  • The average score is 61 of 166
Answer Stats
Answer % Correct
O O!
99%
the
99%
you
98%
can
97%
say
97%
see
97%
a A
96%
by
95%
light,
94%
star-
92%
we
92%
and And
91%
early
91%
so
91%
dawn's
90%
in In "In
89%
of
87%
banner banner,
86%
brave? brave. brave!
86%
proudly
86%
free     free
85%
spangled
85%
home
84%
land
84%
What
83%
that That
82%
flag
81%
gleam
81%
was
81%
last
80%
still
80%
there;
80%
through
80%
night
79%
air,
78%
bombs
78%
gleaming,
78%
our
78%
rockets'
78%
twilight's
78%
bursting
77%
red
77%
wave wave,
77%
bright
76%
stars
76%
at
75%
does doth
75%
glare,
75%
stripes
75%
yet
75%
Gave
74%
who
74%
proof
71%
hailed
68%
fight,
66%
ramparts
66%
o'er O'er
65%
broad
64%
stream:
64%
were
64%
Whose
63%
perilous
62%
streaming?
62%
watched,
61%
gallantly
57%
or
25%
be
24%
is
22%
it
19%
On
19%
As
17%
where Where
16%
when
15%
God
14%
no No
14%
stand
14%
us
14%
war
14%
out
12%
with
12%
From
11%
men
11%
their Their
11%
this
11%
country,
10%
ever,
10%
has hath
10%
may
10%
seen
10%
shall
10%
shore
10%
Then
10%
'Tis
10%
trust."
10%
which
10%
deep,
9%
dimly
9%
first
9%
glory
9%
long
9%
now Now
9%
beam,
8%
flight,
8%
foe's
8%
haughty
8%
host
8%
just,
8%
mists
8%
nation!
8%
triumph
8%
breeze,
7%
catches
7%
cause
7%
conceals,
7%
could
7%
discloses?
7%
dread
7%
full
7%
half
7%
morning's
7%
motto:
7%
must,
7%
reposes,
7%
shines
7%
should
7%
silence
7%
thus
7%
band
6%
battle's
6%
Between
6%
blood
6%
blows,
6%
conquer
6%
desolation.
6%
fitfully
6%
Heav'n
6%
loved
6%
made
6%
more?
6%
peace,
6%
reflected
6%
save
6%
slave
6%
steep,
6%
swore
6%
towering
6%
war's
6%
Blest
5%
confusion,
5%
havoc
5%
leave
5%
Power
5%
vauntingly
5%
vict'ry
5%
footsteps'
4%
foul
4%
gloom
4%
grave:
4%
hireling
4%
pollution.
4%
Praise
4%
preserved
4%
refuge
4%
rescued
4%
terror
4%
washed
4%
No matching quizzes found
Score Distribution
Percent of People with Each Score
Percentile by Number Answered
Your Score History
You have not taken this quiz